| 000 | 00740cam a2200229u 4500 | ||
|---|---|---|---|
| 001 | 000026192 | ||
| 005 | 20200930024359.0 | ||
| 008 | 860227s1963 sp 000 jbspa | ||
| 040 |
_aDO-SdBNP _cspa _dBNPHU |
||
| 041 |
_aspa _heng _2Código de idioma MARC |
||
| 082 |
_axxx _bK692e |
||
| 100 | 1 |
_aKnight, Ruth Adams, _953206 |
|
| 240 | 0 |
_aHalfway to heaven _lEspañol |
|
| 245 | 1 | 0 |
_aEn el gran san Bernardo : _bNovela / _cRuth Adams Knight; versión castellana Manuel Gómez Ruiz. |
| 260 |
_aMadrid : _bSantillana , _c1963. |
||
| 300 |
_a186 p. ; _c19 cm. |
||
| 490 | 1 |
_aLa Forja _v23 |
|
| 534 |
_aTítulo original : _tHalfway to heaven |
||
| 500 | _aIncluye notas al pie de páginas | ||
| 830 | 0 |
_aLa Forja, _v23 _953207 |
|
| 049 | _aBNGR | ||
| 999 |
_c25684 _d25684 |
||